Toutes Les Planètes de Mario Odissey - Statistiques

Statistiques générales
  • Ce quiz a été pris 66 fois
  • Le résultat moyen est 13 sur 17
Statistiques - réponses
Nombre de lunes Planètes % Correct
31 Pays Des Chapeaux
94%
104 Royaume Champignon
83%
35 Pays Perdu
81%
68 Pays De La Cuisine
79%
76 Pays De La Forêt
79%
71 Pays De La Mer
79%
09 Pays Des Nuages
79%
89 Pays Des Sables
79%
42 Pays Du Lac
79%
62 Pays De Bowser
77%
38 Pays De La Lune
77%
40 Pays Des Chutes
77%
24 Le Coté Obscur
70%
10 Pays Des Ruines
70%
01 Le Coté Très Obscur
64%
55 Pays Des Neiges
64%
81 Pays Des Gratte-Ciels
53%
Aucun quiz correspondant
Distribution des résultats
% des personnes avec chaque résultat
Percentile par nombre de réponses
Votre historique - résultats
Vous n’avez pas pris ce quiz